000 00634nam a22002297a 4500
003 UA-OsUOA
001 78709
007 ta
008 20111018b un ||||| |||| 00| 0 ukr d
100 _aФіцджеральд Ф.С.
090 _a821.161.2(73)
_bФ68
942 _cBK
040 _aUA-OsUOA
_bukr
_cUA-OsUOA
_dUA-OsUOA
245 _aВеликий Гетсбі; Ніч лагідна
_bромани
300 _a472 с.
955 _a3
041 _aukr
080 _a821.161.2(73)
260 _aК.
_bДніпро
_c1982
650 7 _a82 Література. Літературознавство
_2UDC
999 _c365027
_d365027